| 000 | 00416 a2200157 4500 | ||
|---|---|---|---|
| 001 | 187976 | ||
| 020 | _a978-85-363-0140-2 | ||
| 040 | _cMagnum | ||
| 100 | _aZorzi, Jaime Luiz | ||
| 240 | 1 | 0 |
_aAprendizagem e distúrbios da linguagem escrita _lpor |
| 245 | 1 | 0 | _aAprendizagem e distúrbios da linguagem escrita |
| 300 | _a174 | ||
| 362 | 0 | _a2008 | |
| 697 | _aEDUCAÇÃO EM GERAL E DISCIPLINAS AFINS | ||
| 942 | _cBK | ||
| 999 |
_c187976 _d187976 |
||